000 00485nam a2200181 a 4500
001 33642
005 20180714001619.0
008 140415s1965 sp 000 0 spa d
041 _aspa
082 _a629.243
_bGON
100 1 _aGONZALEZ ROMERO, FRANCISCO
245 1 0 _aPROYECTO Y CALCULO DE MUELLES
250 _a2a ed.
260 _aESPAÑA :
_bEDICIONES CEAC,
_c1965
300 _a195
490 _aMONOGRAFIAS CEAC, COL. DE MECANICA
_v11
650 1 4 _aMUELLES
999 _c33642
_d33642